Lodná doprava nemá alternatívu. Musí však čeliť výzvam

Nákladná lodná doprava je chrbticou globálneho obchodu. Desaťtisíce nákladných lodí ročne medzi kontinentmi, aj naprieč nimi prepravia miliardy kontajnerov produktov, ton ropy, či sypkých substrátov. Týmto dôležitým odvetvím nákladnej dopravy však v posledných rokoch otriasli viaceré turbulencie. Pr...

ver descrição completa

Na minha lista:
Detalhes bibliográficos
Autor principal: Maťo, Vladimír
Formato: Capítulo de Livro
Idioma:eslovaco
Assuntos:
Tags: Adicionar Tag
Sem tags, seja o primeiro a adicionar uma tag!

MARC

LEADER 00000naa a2200000 4500
001 0294278
005 20240417075239.9
041 0 |a slo 
044 |a CZ 
245 1 0 |a Lodná doprava nemá alternatívu. Musí však čeliť výzvam  |c Vladimír Maťo 
520 |a Nákladná lodná doprava je chrbticou globálneho obchodu. Desaťtisíce nákladných lodí ročne medzi kontinentmi, aj naprieč nimi prepravia miliardy kontajnerov produktov, ton ropy, či sypkých substrátov. Týmto dôležitým odvetvím nákladnej dopravy však v posledných rokoch otriasli viaceré turbulencie. Precízne vyladený mechanizmus námoronej nákladnej dopravy je náchylný podľahnúť krízam. 
610 2 0 |a logistika 
610 2 0 |a logistika obchodná 
610 2 0 |a preprava 
610 2 0 |a doprava 
610 2 0 |a doprava kontajnerová 
610 2 0 |a doprava lodná 
610 2 0 |a doprava námorná 
610 2 0 |a globalizácia 
610 2 0 |a pandémia 
100 1 |a Maťo, Vladimír